Antropología social

Gespeichert in:
Bibliographische Detailangaben
1. Verfasser: Lienhardt, Godfrey (VerfasserIn)
Format: Buch
Sprache:Spanisch
Veröffentlicht: Ciudad de México Fondo de Cultura Económica 1966
Schriftenreihe:Colección Popular
Schlagworte:
Tags: Tag hinzufügen
Keine Tags, Fügen Sie den ersten Tag hinzu!

MARC

LEADER 00000nam a2200000 a 4500
001 UCW4405
003 CL-VaPUC
008 900329e19660000MX |||||||||||||||||spa|d
020 |a 9681609786 
082 0 4 |a 306  |b LIE  |2 21 
100 0 |a Lienhardt, Godfrey  |e author  |9 309162 
245 1 0 |a Antropología social 
300 |a 279 p 
942 |c BK 
945 |d 19900329 00:00:00 
260 |a Ciudad de México  |b Fondo de Cultura Económica  |c 1966 
650 0 |a Antropología social  |9 306264 
583 |a last modification  |c 19900329 00:00:00  |k Rodrigo Vera 
490 0 |a Colección Popular 
999 |c 218156  |d 218154 
952 |0 0  |1 0  |4 0  |6 306_000000000000000_LIE_1966  |7 0  |8 A  |9 207192  |a BIBEDU  |b BIBEDU  |d 2019-11-15  |i 274970K  |o 306 LIE 1966  |p 274970K  |r 2019-11-15  |w 2019-11-15  |y BK  |k EDU 
952 |0 0  |1 0  |4 0  |6 306_000000000000000_LIE_1966  |7 0  |8 A  |9 207193  |a BIBEDU  |b BIBEDU  |d 2019-11-15  |i 4303997  |o 306 LIE 1966  |p 4303997  |r 2019-11-15  |w 2019-11-15  |y BK  |k EPE